हिंदी- मलयालम कोश / (Record no. 122204)

MARC details
000 -LEADER
fixed length control field 00797nam a22002417a 4500
010 ## - LIBRARY OF CONGRESS CONTROL NUMBER
LC control number 032073
020 ## - INTERNATIONAL STANDARD BOOK NUMBER
Terms of availability 5.80
035 ## - SYSTEM CONTROL NUMBER
System control number 032073
037 ## - SOURCE OF ACQUISITION
Stock number Cen Lib / Ret
040 ## - CATALOGING SOURCE
Original cataloging agency DPL
Language of cataloging HN
082 ## - DEWEY DECIMAL CLASSIFICATION NUMBER
Classification number 423.72
Item number हिन्दी
245 ## - TITLE STATEMENT
Title हिंदी- मलयालम कोश /
246 ## - VARYING FORM OF TITLE
Title proper/short title Hindi-Malyalam kosh /
250 ## - EDITION STATEMENT
Edition statement 4th ed
260 ## - PUBLICATION, DISTRIBUTION, ETC. (IMPRINT)
Place of publication, distribution, etc मद्रास
Name of publisher, distributor, etc दक्षिणी भारत हिंदी प्रचार सभा
Date of publication, distribution, etc 1952
270 ## - ADDRESS
City मद्रास
Postal code 17
300 ## - PHYSICAL DESCRIPTION
Extent 616p.
Other physical details 18cm
Dimensions ill
650 ## - SUBJECT ADDED ENTRY--TOPICAL TERM
Topical term or geographic name as entry element हिंदी--मलयालम शब्दकोष
650 ## - SUBJECT ADDED ENTRY--TOPICAL TERM
Topical term or geographic name as entry element शब्दकोष
650 ## - SUBJECT ADDED ENTRY--TOPICAL TERM
Topical term or geographic name as entry element Hindi--malyalam Dictionary
650 ## - SUBJECT ADDED ENTRY--TOPICAL TERM
Topical term or geographic name as entry element Dictionary
942 ## - ADDED ENTRY ELEMENTS (KOHA)
Source of classification or shelving scheme Dewey Decimal Classification
Koha item type Hindi Books
Classification part 423.72
Call number suffix हिन्दी
Holdings
Withdrawn status Lost status Damaged status Not for loan Collection code Home library Current library Date acquired Source of acquisition Cost, normal purchase price Total Checkouts Full call number Barcode Date last seen Copy number Cost, replacement price Price effective from Koha item type
      Not For Loan Reference Central Library Central Library 07/03/2016 Cen Lib/Ret 5.80   423.72 हिन्दी 032073 07/03/2016 1 5.80 07/03/2016 Hindi Books

© Delhi Public Library
Hit Counter
free hit counter